000 00993nam a22003015i 4500
001 12575
003 ES-MaACL
005 20250702063033.0
007 t|
008 941004s1993 sp ||||0| spa j
020 _a84-88344-05-8
040 _aM-BN
_bspa
_cM-BN
080 _a860(728.1)-31"19"
100 1 _aAsturias, Miguel Ángel,
_d1899-1974
_923701
245 1 3 _aEl árbol de la cruz /
_cMiguel Angel Asturias ; Aline Janquart, Amos Segala, coordinadores.
250 _aEd. facs., 1ª ed.
260 _a[Madrid] :
_bConsejo Superior de Investigaciones Científicas,
_c1993.
300 _aXXX, 330 p ;
_c25 cm.
490 1 _aColección Archivos ;
_v24
500 _aIncluye reprod. manuscrita del texto.
655 7 _2tgfbne
_9226495
_aFacsímiles
700 1 _aJanquart, Aline.
_966048
700 1 _aSegala, Amos.
_9105109
830 0 _aColección Archivos ;
_v24
_9178295
852 _aES-MaACL
_jL-19843
_bR.125629
942 _2udc
999 _c12575
_d12575